| 000 | 00462nam a2200193Ia 4500 | ||
|---|---|---|---|
| 008 | 151121s9999||||xx |||||||||||||| ||und|| | ||
| 082 | _a623ред8/Pic | ||
| 082 | _bHNW-51030 | ||
| 100 | _aPiccard & Dietz | ||
| 245 | _aSeven Miles Down | ||
| 260 | _bThe Scientific Book Club | ||
| 260 | _c-- | ||
| 300 | _a249 | ||
| 600 | _aPiccard & Dietz | ||
| 630 | _aSeven Miles Down | ||
| 700 | _aPiccard & Dietz | ||
| 730 | _aSeven Miles Down | ||
| 942 | _cBOOK | ||
| 999 |
_c1235510 _d1235507 |
||